Guide to specification (Record no. 110331)

MARC details
000 -LEADER
fixed length control field 00936cam a22002415a 4500
001 - CONTROL NUMBER
control field L149009
008 - FIXED-LENGTH DATA ELEMENTS--GENERAL INFORMATION
fixed length control field 091214s2009 xxk f 000 0 eng d
020 ## - INTERNATIONAL STANDARD BOOK NUMBER
International Standard Book Number 9780952413196
035 ## - SYSTEM CONTROL NUMBER
System control number (Sirsi) u149009
041 0# - LANGUAGE CODE
Language code of text/sound track or separate title eng
050 04 - LIBRARY OF CONGRESS CALL NUMBER
Classification number 725.23 $2 18
110 2# - MAIN ENTRY--CORPORATE NAME
Corporate name or jurisdiction name as entry element British Council for Offices
9 (RLIN) 3992
245 00 - TITLE STATEMENT
Title Guide to specification
Remainder of title 2009
260 ## - PUBLICATION, DISTRIBUTION, ETC.
Place of publication, distribution, etc. London
Name of publisher, distributor, etc. BCO
Date of publication, distribution, etc. 2009
300 ## - PHYSICAL DESCRIPTION
Extent 263p.
Dimensions 23cm
350 ## - PRICE (NR) (BK AM CF MU VM SE) [OBSOLETE]
Price 155
505 2# - FORMATTED CONTENTS NOTE
Formatted contents note Drivers for changes -- Site issues -- Building form -- Sustainability -- Envelope -- Engineering -- Vertical transportation -- Acoustics -- Finishes, fit-out and building completion -- Appendices
520 ## - SUMMARY, ETC.
Summary, etc. This book explains the guide to specification of British office buildings that reflect the current changes in office space, design and climate change.
590 ## - LOCAL NOTE (RLIN)
Local note KA
651 #4 - SUBJECT ADDED ENTRY--GEOGRAPHIC NAME
Geographic name United Kingdom
Chronological subdivision
690 ## - LOCAL SUBJECT ADDED ENTRY--TOPICAL TERM (OCLC, RLIN)
Topical term or geographic name as entry element PROPERTY-COMMERCIAL PROPERTY-OFFICE PROPERTY-OFFICES
942 ## - ADDED ENTRY ELEMENTS (KOHA)
Suppress in OPAC 0
Holdings
Withdrawn status Lost status Source of classification or shelving scheme Damaged status Not for loan Home library Current library Shelving location Date acquired Total Checkouts Full call number Barcode Date last seen Date last checked out Copy number Price effective from Koha item type
    Dewey Decimal Classification     London London Basement 14/12/2009 3 RESERVE 30076568 06/08/2019 04/01/2011 1 06/08/2019 Book